Kuliate Iqbal (Record no. 349618)

000 -LEADER
fixed length control field 00466nam a22001817a 4500
003 - CONTROL NUMBER IDENTIFIER
control field OSt
005 - DATE AND TIME OF LATEST TRANSACTION
control field 20180116182954.0
008 - FIXED-LENGTH DATA ELEMENTS--GENERAL INFORMATION
fixed length control field 140227b xxu||||| |||| 00| 0 eng d
040 ## - CATALOGING SOURCE
Original cataloging agency 0
Transcribing agency 0
082 ## - DEWEY DECIMAL CLASSIFICATION NUMBER
Classification number 891.4391 IQB 2006
100 ## - MAIN ENTRY--PERSONAL NAME
Personal name Allama Muhammad Iqbal
245 ## - TITLE STATEMENT
Title Kuliate Iqbal
Statement of responsibility, etc. Allama Muhammad Iqbal
260 ## - PUBLICATION, DISTRIBUTION, ETC.
Place of publication, distribution, etc. Rawalpindi
Name of publisher, distributor, etc. Nawab Sons
Date of publication, distribution, etc. 2006
300 ## - PHYSICAL DESCRIPTION
Extent 239 p.
Other physical details PB
440 ## - SERIES STATEMENT/ADDED ENTRY--TITLE
Title Kuliate Iqbal
600 ## - SUBJECT ADDED ENTRY--PERSONAL NAME
Personal name Allama Muhammad Iqbal
942 ## - ADDED ENTRY ELEMENTS (KOHA)
Source of classification or shelving scheme
Koha item type Book
Holdings
Withdrawn status Lost status Source of classification or shelving scheme Damaged status Not for loan Collection code Permanent Location Current Location Shelving location Date acquired Total Checkouts Total Renewals Full call number Barcode Date last seen Date last checked out Price effective from Koha item type
            Central Library (CL) Central Library (CL) General Stacks 02/27/2014 6 1 891.4391 IQB 2005 NBS1094 05/31/2025 03/04/2021 02/27/2014 Book
© 2023 Central Library, National University of Sciences and Technology. All Rights Reserved.